书目信息 |
| 题名: |
药物与妊娠:人类畸形与有关问题
|
|
| 作者: | HAWKUUS DF | |
| 分册: | ||
| 出版信息: | 合肥 安徽科学技术出版社 1992.09 |
|
| 页数: | 255页 | |
| 开本: | 32开 | |
| 丛书名: | ||
| 单 册: | ||
| 中图分类: | R714.16 | |
| 科图分类: | ||
| 主题词: | 产科学 | |
| 电子资源: | ||
| ISBN: | 7-5337-0791-5 | |
| 000 | 00574nam0 2200181 45 | |
| 001 | 9911301546 | |
| 005 | 19991130153213.1 | |
| 010 | @a7-5337-0791-5@d4.15 | |
| 100 | @a19991130d1992 km y0chiy0120 ea | |
| 101 | @achi | |
| 105 | @a z 000yy | |
| 200 | 1 | @a药物与妊娠:人类畸形与有关问题@AYao Wu Yu Ren Shen:Ren Lei Ji Xing Yu You Guan Wen Ti@fHAWKUUS DF@FHAWKUUS DF@g赵维中 |
| 210 | @a合肥@c安徽科学技术出版社@d1992.09 | |
| 215 | @a255页@c无图表@d32开 | |
| 606 | 0 | @a产科学 |
| 690 | @aR714.16@v3 | |
| 801 | @aCN@bPerfectUser@c19991130 | |
| 905 | @aBZT@b44122-123@f2@dR714.16@e2 | |
| 药物与妊娠:人类畸形与有关问题/HAWKUUS DF/赵维中.-合肥:安徽科学技术出版社,1992.09 |
| 255页:无图表;32开 |
| ISBN 7-5337-0791-5:4.15 |
| ● |
| 相关链接 |
|
|
|
正题名:药物与妊娠:人类畸形与有关问题
索取号:R714.16/2
 
预约/预借
| 序号 | 登录号 | 条形码 | 馆藏地/架位号 | 状态 | 备注 |
| 1 | 44123 | 200578222 | 中心书库中库/ 中库014架A面5列2层31/ [索取号:R714.16/2] | 在馆 |